000 00822nam a22002177a 4500
003 UA-OsUOA
001 116154
007 ta
008 20160210b un ||||| |||| 00| 0 ukr d
100 _aБогдан Т.
090 _a330(477)
_bБ73
942 _cSA
040 _aUA-OsUOA
_bukr
_cUA-OsUOA
_dUA-OsUOA
245 _aЕмпіричне дослідження детермінант світових цін на сировинні товари, ролі курсової позиції долара та впливу валютно-цінових глобальних чинників на економіку України
300 _aС.19-25
955 _a0
041 _aukr
080 _a330(477)
773 0 _w116152
_tЕкономіст
_dК.
_d2015
_g12
650 7 _a330 Економіка взагалі
_2UDC
999 _c401966
_d401966